<?xml version="1.0" encoding="UTF-8"?>
<record
    xmlns:xsi="http://www.w3.org/2001/XMLSchema-instance"
    xsi:schemaLocation="http://www.loc.gov/MARC21/slim http://www.loc.gov/standards/marcxml/schema/MARC21slim.xsd"
    xmlns="http://www.loc.gov/MARC21/slim">

  <leader>00671nam a22001817a 4500</leader>
  <datafield tag="999" ind1=" " ind2=" ">
    <subfield code="c">134240</subfield>
    <subfield code="d">134240</subfield>
  </datafield>
  <controlfield tag="005">20240531101257.0</controlfield>
  <controlfield tag="008">240531b           ||||| |||| 00| 0 eng d</controlfield>
  <datafield tag="040" ind1=" " ind2=" ">
    <subfield code="c">PK-LaUMT</subfield>
  </datafield>
  <datafield tag="082" ind1=" " ind2=" ">
    <subfield code="a">APC 297.225</subfield>
    <subfield code="b">ARS-D</subfield>
  </datafield>
  <datafield tag="100" ind1=" " ind2=" ">
    <subfield code="a">Arshad Qadiri, Muhammad = </subfield>
  </datafield>
  <datafield tag="245" ind1=" " ind2=" ">
    <subfield code="a">Dawat i arwah =  &#x62F;&#x639;&#x648;&#x62A;&#x650; &#x627;&#x631;&#x648;&#x627;&#x62D; (&#x631;&#x648;&#x62D; &#x6A9;&#x6CC; &#x62D;&#x642;&#x6CC;&#x642;&#x62A; &#x648; &#x645;&#x627;&#x6C1;&#x6CC;&#x62A;&#x60C; &#x627;&#x62D;&#x635;&#x627;&#x631; &#x627;&#x631;&#x648;&#x627;&#x62D; &#x627;&#x648;&#x631; &#x627;&#x646; &#x633;&#x6D2; &#x627;&#x6A9;&#x62A;&#x633;&#x627;&#x628; &#x641;&#x6CC;&#x636; &#x67E;&#x631; &#x645;&#x639;&#x6CC;&#x627;&#x631;&#x6CC; &#x6A9;&#x62A;&#x627;&#x628;) /</subfield>
    <subfield code="c">by Muhammad Arshad Qadiri = &#x645;&#x62D;&#x645;&#x62F; &#x627;&#x631;&#x634;&#x62F; &#x642;&#x627;&#x62F;&#x631;&#x6CC;</subfield>
  </datafield>
  <datafield tag="260" ind1=" " ind2=" ">
    <subfield code="a">Lahore :</subfield>
    <subfield code="b">Almoaruf,</subfield>
    <subfield code="c">1974</subfield>
  </datafield>
  <datafield tag="300" ind1=" " ind2=" ">
    <subfield code="a">287 p.</subfield>
  </datafield>
  <datafield tag="650" ind1=" " ind2=" ">
    <subfield code="a">Islam</subfield>
  </datafield>
  <datafield tag="650" ind1=" " ind2=" ">
    <subfield code="a">Soul-Religion-Islam</subfield>
  </datafield>
  <datafield tag="650" ind1=" " ind2=" ">
    <subfield code="a">Body and soul-Religion-Islam</subfield>
  </datafield>
  <datafield tag="942" ind1=" " ind2=" ">
    <subfield code="c">BK</subfield>
  </datafield>
  <datafield tag="952" ind1=" " ind2=" ">
    <subfield code="0">0</subfield>
    <subfield code="1">0</subfield>
    <subfield code="4">0</subfield>
    <subfield code="7">0</subfield>
    <subfield code="a">01</subfield>
    <subfield code="b">01</subfield>
    <subfield code="d">2024-05-31</subfield>
    <subfield code="l">0</subfield>
    <subfield code="o">APC 297.225 ARS-D</subfield>
    <subfield code="p">146732</subfield>
    <subfield code="r">2024-05-31 00:00:00</subfield>
    <subfield code="w">2024-05-31</subfield>
    <subfield code="y">BK</subfield>
  </datafield>
</record>
